LIBRARY & INFORMATION CENTRE, KCAET, TAVANUR

ONLINE PUBLIC ACCESS CATALOGUE (OPAC)

Entepreneurship and Skill Development in Horticultural Processing (Record no. 17423)

MARC details
000 -LEADER
fixed length control field 00439nam a22001577a 4500
003 - CONTROL NUMBER IDENTIFIER
control field OSt
008 - FIXED-LENGTH DATA ELEMENTS--GENERAL INFORMATION
fixed length control field 210914b ||||| |||| 00| 0 eng d
020 ## - INTERNATIONAL STANDARD BOOK NUMBER
ISBN 9789386546807
082 ## - DEWEY DECIMAL CLASSIFICATION NUMBER
Classification number 664.80068
Item number SUD/ EN
100 ## - MAIN ENTRY--AUTHOR NAME
Personal name Sudheer, K.P
245 ## - TITLE STATEMENT
Title Entepreneurship and Skill Development in Horticultural Processing
260 ## - PUBLICATION, DISTRIBUTION, ETC. (IMPRINT)
Place of publication New Delhi
Name of publisher New India Publishing Agency
Year of publication 2018
300 ## - PHYSICAL DESCRIPTION
Number of Pages 432 Pages
700 ## - ADDED ENTRY--PERSONAL NAME
Personal name Indira ,V
942 ## - ADDED ENTRY ELEMENTS (KOHA)
Koha item type Books
Holdings
Withdrawn status Lost status Damaged status Home library Current library Shelving location Date acquired Cost, normal purchase price Full call number Accession Number Koha item type
      KAUAET KAUAET NAHEP-CAAST Project 07/09/2021 3995.00 664.80068 SUD/ EN 26017 Books
free website counter